000 01716nam0a2200361 4500
001 RU\NLR\bibl\1006061
005 20260405114903.0
010 _a5-7567-0403-5
_93000
021 _aRU
_b2006-44493
_92225
035 _a(nilc)RSL-KNO-002912664
035 _a(NLR Aleph) 000993721
090 _a534965
_c534965
100 _a20060809d2006 |||y0rusy50 ca
101 0 _arus
102 _aRU
105 _aa |||||||||
106 _ar
200 1 _aОсновы нейрофармакологии
_eучеб. пособие для студентов вузов, обучающихся по направлению и специальности "Психология"
_fЕ.И. Белова
210 _aМосква
_cАспект Пресс
_d2006
_eМожайск (Моск.обл.)
_gМожайский полиграфкомбинат
215 _a175, [1] с.
_cил.
_d21
320 _aБиблиогр.: с. 174
606 1 _aНейрофармакология
_jУчебные издания для высших учебных заведений
_91009203
_3RU\NLR\auth\66383955
610 0 _aЗдравоохранение. Медицинские науки -- Фармакология -- Нейрофармакология. Нейропротекторы -- Пособие для специалистов
686 _aР281.70,07
_2rubbk
686 _aР281.70я73
686 _aР281.711я73
700 1 _4070
_8rus
_7ca
_aБелова
_bЕ. И.
_cканд. биол. наук
_gЕвгения Ивановна
_3RU\NLR\auth\7745355
_928293
801 0 _aRU
_bРКП
_c20060809
_grcr
801 1 _aRU
_bРГБ
_c20060809
801 2 _aRU
_bNLR
_c20061113
_grcr
942 _cBOOK
980 _aNB